| 000 | 00651nam a2200193 a 4500 | ||
|---|---|---|---|
| 008 | 120416s0000 ||||||||||||||||| || u | ||
| 020 | _a0761947035 | ||
| 050 | _aHD 57.7 Lea | ||
| 100 | _aHogg, Michael A | ||
| 245 | 1 | 0 | _aLeadership and power |
| 246 | _aidentity process in groups and organisations | ||
| 260 |
_aLondon _b2003 _cSage Publications |
||
| 300 | _axiii,263p. ;ill. | ||
| 350 | _a0.00 | ||
| 650 | 0 | _aLEADERSHIP | |
| 650 | 0 | _aBUSINESS | |
| 700 | _aKnippenberg, Daan Van | ||
| 995 |
_D0.00 _FCBU-MAIN LIBRARY (Kitwe) _H1 _I0.00 _M1 _UDAMAGED _WJul 12, 2006 _ZMain Library Open Access Collection |
||
| 999 |
_c48978 _d48978 |
||